000 01276cam a2200325 a 4500
001 12846906
003 OSt
005 20241113123012.0
008 020709s2003 enka b 000 0 eng d
010 _a 2002109617
015 _aGBA2-U8050
020 _a0761949593
040 _aDDC
_cMUST
050 0 0 _aQ295
_b.S9695 2003
082 0 0 _a658 SAG 2003
100 _aEdited by Gerald Midgley
_919330
245 0 0 _aSystems thinking /
_cedited by Gerald Midgley.
260 _aLondon ;
_aThousand Oaks, Calif. :
_bSAGE,
_c2003.
300 _aiv;306p,:
_bill.;
_c24 cm.
440 0 _aSage library in business and management
_919331
504 _aIncludes bibliographical references.
650 0 _aSystem theory.
_919332
650 0 _aOrganizational behavior.
_912875
700 1 _aMidgley, Gerald.
_919333
856 4 2 _3Publisher description
_uhttp://www.loc.gov/catdir/enhancements/fy0657/2002109617-d.html
856 4 1 _3Table of contents only
_uhttp://www.loc.gov/catdir/enhancements/fy0657/2002109617-t.html
942 _2z
_cO_SHELF
999 _c9476
_d9476